Zahraničné investície a ich vplyv na ekonomický rozvoj regiónov

Guardado en:
Detalles Bibliográficos
Autor principal: Bobáková, Viktória
Formato: Capítulo de libro
Lenguaje:eslovaco
Etiquetas: Agregar Etiqueta
Sin Etiquetas, Sea el primero en etiquetar este registro!

MARC

LEADER 00000naa$a2200000$$$4500
001 0085606
005 20240502071955.9
041 0 |a slo 
044 |a SK 
245 1 0 |a Zahraničné investície a ich vplyv na ekonomický rozvoj regiónov  |c Viktória Bobáková 
100 1 |a Bobáková, Viktória